00392 2200157 4500001002100000008004100021035002000062245005400082100001600136250000600152260002800158084001400186082000800200650001400208990001200222INLIS000000000001569 ind  a0010-0125000067 aEnsiklopedia Fisika; Cahaya dan OptikcSri Suyati aSuyati, Sri a1 aBandung :bGanecac2007 a530 SRI f a530 aNon Fiksi a0714452